Volleyball techniques : advanced methods for teaching the individual fundamentals basic to top-flight play /

Bibliographic Details
Main Author: Cherebetiu, Gabriel
Format: Book
Language:English
Published: Hollywood, Calif. : Creative Sports Books, [1969]
Subjects:

MARC

Tag First Indicator Second Indicator Subfields
LEADER 00000cam a2200000 a 4500
001 in00000072462
005 20151008053424.0
008 740201s1969 cau 00010 eng d
035 |a (OCoLC)00787678 
035 |9 AAH7377AM 
040 |c AKR  |d TXA  |d UtOrBLW 
049 |a TXAM  |c [1406815] 
090 |a GV1017.V6  |b C44 
100 1 |a Cherebetiu, Gabriel. 
245 1 0 |a Volleyball techniques :  |b advanced methods for teaching the individual fundamentals basic to top-flight play /  |c by Gabriel Cherebetiu. 
264 1 |a Hollywood, Calif. :  |b Creative Sports Books,  |c [1969] 
264 4 |c ©1969 
300 |a 138 pages :  |b illustrations ;  |c 21 cm. 
336 |a text  |b txt  |2 rdacontent 
337 |a unmediated  |b n  |2 rdamedia 
338 |a volume  |b nc  |2 rdacarrier 
650 0 |a Volleyball. 
999 |a MARS 
999 f f |s 3f8bbc69-b1a9-38a7-913a-ecaab02e7412  |i fc627e7d-0121-3fd3-ad3f-557e6dc4c9c4  |t 0 
952 f f |p ric  |a Texas A&M University  |b Rellis Campus  |c Joint Library Facility  |d Remote Storage  |t 0  |e GV1017.V6 C44  |h Library of Congress classification  |i unmediated -- volume  |m A14806117080 
998 f f |a GV1017.V6 C44  |t 0  |l Remote Storage